000 00693cam a2200229 i 4500
005 20131010091753.0
008 780109t19671964nyua b 001 0 eng d
020 _a0345410033
041 0 _aeng
080 _a159.923
100 1 _aBerne, Eric.
245 1 0 _aGames people play :
_cby Eric Berne..
260 _aNew York :
_bGrove Press
_c1967, c1964.
300 _a196 p. :
_bill. ;
_c21 cm.
490 1 _aBallantine books
500 _aPreface f. : [XI] - [XII]
504 _aIncludes bibliographical references and indexes.
650 0 _2Psikologjia
650 0 _2Sociologjia
830 0 _aEvergreen black cat book ;
_vB-186.
942 _2udc
_cBK
999 _c96
_d96